Col·lecció diplomàtica del monestir de Santa Maria de Solsona : el Penedès i altres llocs del Comtat de Barcelona : segles X-XV / [editada per: ] Antoni Bach el Penedès i altres llocs del Comtat de Barcelona :
Publicado:
Barcelona :
Departament de Cultura de la Generalitat de Catalunya, Direcció General del Patrimoni Escrit i Documental, Servei d'Arxius ,
1987
Descripción Física:
216 p. ; 24 cm
Colección:
Fonts i estudis. Fonts ; 1
Otros Autores:
Bach Riu, Antoni
MARC
| LEADER | 00000nam a2200000Ia 4500 | ||
|---|---|---|---|
| 001 | 7667 | ||
| 008 | 160829s1987 xx 000 0 cat d | ||
| 080 | |a A-1-215 | ||
| 245 | |a Col·lecció diplomàtica del monestir de Santa Maria de Solsona : |b el Penedès i altres llocs del Comtat de Barcelona : |b segles X-XV / [editada per: |b ] Antoni Bach | ||
| 260 | |a Barcelona : |b Departament de Cultura de la Generalitat de Catalunya, Direcció General del Patrimoni Escrit i Documental, Servei d'Arxius, |c 1987 | ||
| 300 | |a 216 p. ; |c 24 cm | ||
| 490 | |a Fonts i estudis. Fonts ; 1 | ||
| 590 | |a Referències bibliogràfiques. | ||
| 590 | |a Índex | ||
| 650 | |a Monestir de Solsona |x Història |x S. X/XV |x Fonts |9 36427 | ||
| 650 | |a Diplomàtica |x Solsona |x S. X/XV |9 36428 | ||
| 700 | 1 | |a Bach Riu, Antoni |9 36429 | |
| 710 | 1 | |a Catalunya. |b Servei d'Arxius |9 2924 | |
| 901 | |a Arxiu | ||
| 942 | |n 1 | ||
| 952 | |0 0 |1 0 |4 0 |6 A1215 |7 1 |9 47318 |a Arxiu |b Arxiu |d 2016-12-01 |l 0 |o A-1-215 |p 7667 |r 2016-12-01 00:00:00 |w 2016-12-01 |y ARXIU | ||
| 999 | |c 51115 |d 51115 | ||